Who Did That Jazz Song - Statistics

General Stats
  • This quiz has been taken 8,448 times
    8,446 since last reset
  • The average score is 9 of 22
Answer Stats
Song Year Artist % Correct
What a Wonderful World 1968 Louis Armstrong
85%
So What 1959 Miles Davis
75%
Take Five 1959 Dave Brubeck
61%
Giant Steps 1960 John Coltrane
60%
Ornithology 1946 Charlie Parker
55%
Rhapsody in Blue 1924 George Gershwin
52%
A Night in Tunisia 1942 Dizzy Gillespie
46%
Watermelon Man 1962 Herbie Hancock
46%
Strange Fruit 1939 Billie Holiday
43%
The Girl from Ipanema 1962 Stan Getz & João Gilberto
42%
Black and Tan Fantasy 1927 Duke Ellington
41%
Goodbye Pork Pie Hat 1959 Charles Mingus
38%
'Round Midnight 1944 Thelonious Monk
36%
L-O-V-E 1965 Nat King Cole
34%
Sing, Sing, Sing 1936 Benny Goodman
33%
Moanin' 1958 Art Blakey
29%
Minnie the Moocher 1931 Cab Calloway
28%
One O'Clock Jump 1937 Count Basie
25%
Birdland 1976 Weather Report
23%
St. Thomas 1956 Sonny Rollins
22%
Somethin' Else 1958 Cannonball Adderley
17%
The Sermon 1958 Jimmy Smith
12%
No matching quizzes found
Score Distribution
Percent of People with Each Score
Percentile by Number Answered
Your Score History
You have not taken this quiz since the last reset